01395nam a2200241 a 450000100100000000500170001000800410002704000250006808200180009310000370011124500570014826000570020530000190026250503910028150000470067250400420071965100530076165100390081471000610085395201120091495201120102699900150113800000253820200929150217.0040929m1948 fr b 001 0 fre  aDO-SdBNPbspacBNPHU a944.04bS713e1 aSorel, Albert,d1842-1906.9797612aL'Europe et la revolution francaise /cAlbert Sorel. aParis :ble petits fils de plon et nourrit,c[1948]. a8 v. ;c23 cm.0 av. 1. Las paredes y las tradiciones políticas - v. 2. La caída de la monarquía - v. 3. La guerra contra los reyes, 1792-1793 - v. 4. Los límites naturales, 1794-1795 - v. 5. Bonaparte y el Directorio, 1795-1799 - v. 6. La tregua: Lunéville y Amiens, 1800-1805 - v. 7. El bloqueo continental: el gran imperio, 1806-1812 - v. 8. La coalición, los proyectos de 1815, 1812-1815. aLa biblioteca posee los volúmenes 5 y 8. aIncluye referencias bibliográficas. 4aFranciaxRevoluci{OnxHistoriay1789-1815.97977 4aEuropaxHistoriay1789-1815.979781 aJohn Boyd Thacher Collection (Library of Congress)97979 001052708MOaGRbGRcCTd2009-09-21iLF1l0ot.5p2538-10r2020-06-25w2020-06-25y2ZPréstamo interno 001052708MOaGRbGRcCTd2009-09-21iLF1l0ot.8p2538-20r2020-06-25w2020-06-25y2ZPréstamo interno c2374d2374